00307nam a2200133Ia 45000030006000000080041000060400015000471000026000622450037000882500010001252600009001355460012001440050017001560STCL150530s9999 xx 000 0 und d aSTCLcSTCL aBinaybhusan Das Gupta aOur plans and our public finance aFirst c1960 aEnglish20220125165544.0